全国重点文物保护单位数量达到40家的23个市(地级市+直辖市) - Statistics

General Stats
  • This quiz has been taken 84 times
  • The average score is 14 of 23
Answer Stats
名次 数量 地点 % Correct
1 135家 北京
100%
11 57家 西安
97%
12 55家 南京
95%
=20 40家 上海
94%
=17 45家 杭州
92%
14 50家 洛阳
90%
=20 40家 成都
90%
=9 61家 苏州
87%
8 64家 重庆
86%
3 81家 郑州
77%
=20 40家 邯郸
56%
=6 69家 保定
54%
2 102家 运城
47%
4 73家 长治
46%
5 72家 晋城
46%
13 54家 临汾
45%
=6 69家 晋中
44%
19 44家 泉州
42%
=17 45家 张家口
29%
=20 40家 济宁
29%
=9 61家 渭南
26%
=15 49家 黄山
19%
=15 49家 赤峰
5%
No matching quizzes found
Score Distribution
Percent of People with Each Score
Percentile by Number Answered
Your Score History
You have not taken this quiz